000 00498 a2200121 4500
001 ART_55164
005 20260410161823.0
008 260409a
245 1 0 _aSe tenía que decir y se dijo. Comentario al fallo de la CSJN, "Vidal, Matías Fernando Cristóbal y otros s/infracción ley 24769"
100 1 _aSemachowicz, Esteban D.
700 1 _aTrídico, Sofía del Valle
773 0 _tDoctrina Penal Tributaria y Económica
_gSuplemento especial - Nº 62/1 (dic. 2021)
_wREV4317
999 _c22494
_d22494